书目信息 |
| 题名: |
排水工程
|
|
| 作者: | ;哈尔滨建筑工程学院 主编 | |
| 分册: | 下册 | |
| 出版信息: | 北京 中国建筑工业出版社 1981 |
|
| 页数: | 306页 | |
| 开本: | 26cm | |
| 丛书名: | ||
| 单 册: | ||
| 中图分类: | TU992 | |
| 科图分类: | ||
| 主题词: | 排水工程:市政工程 | |
| 电子资源: | ||
| ISBN: | ||
| 000 | 00713nam0 2200253 45 | |
| 001 | 0187018202 | |
| 005 | 20040517100617.7 | |
| 010 | @dCNY2.05 | |
| 091 | @a15040.4112 | |
| 100 | @a19900928d1981 em y0chiy0121 ea | |
| 101 | 0 | @achi |
| 102 | @aCN@b110000 | |
| 105 | @ay z 000yy | |
| 106 | @ar | |
| 200 | 10 | @a排水工程@Apai shui gong cheng@h下册@f哈尔滨建筑工程学院主编 |
| 210 | @a北京@c中国建筑工业出版社@d1981 | |
| 215 | @a306页@d26cm | |
| 300 | @a高等学校试用教材 | |
| 606 | 0 | @a排水工程:市政工程 |
| 690 | @aTU992 | |
| 711 | 02 | @a哈尔滨建筑工程学院@Aha er bin jian zhu gong cheng xue yuan@4主编 |
| 801 | 0 | @aCN@b深圳图书馆@c20040517 |
| 801 | 2 | @aCN@bNLC@c20040517 |
| 905 | @f1@b104121@dTU992@e29:2 | |
| 排水工程.下册/哈尔滨建筑工程学院主编.-北京:中国建筑工业出版社,1981 |
| 306页;26cm |
| 高等学校试用教材 |
| ISBN :CNY2.05 |
| ● |
| 相关链接 |
|
|
|
|
正题名:排水工程
索取号:TU992/29:2
 
预约/预借
| 序号 | 登录号 | 条形码 | 馆藏地/架位号 | 状态 | 备注 |
| 1 | 0104121 | 001479876 | 第二样本阅览室/ [索取号:TU992/29:2] | 在馆 |